000 00468nam a2200181Ia 4500
005 20221210101343.0
008 131103s9999 xx 000 0 und d
040 _aLoreto College
041 _aEnglish
082 _a821.91
_bVAN
100 _aVansittart, Lord
245 _aGreen and grey
_b collected poems
_cLord Vansittar
260 _aLondon
_bHutchinson
_c1944
300 _a216p.
650 _aEnglish poetry - collection
850 _aLCLIB
942 _cBK
999 _c21443
_d71922